Mathematical modeling in ecology : a workbook for students
Αποθηκεύτηκε σε:
| Κύριος συγγραφέας: | |
|---|---|
| Μορφή: | Βιβλίο |
| Γλώσσα: | English |
| Δημοσίευση: |
Boston :
Birkhauser,
1988
|
| Σειρά: | Mathematical modeling (Boston, Mass.)
; 3 |
| Θέματα: | |
| Ετικέτες: |
Προσθήκη ετικέτας
Δεν υπάρχουν, Καταχωρήστε ετικέτα πρώτοι!
|
MARC
| LEADER | 00000nam a2200000 i 4500 | ||
|---|---|---|---|
| 001 | 1/99426 | ||
| 008 | 950330s1988 eng d | ||
| 020 | |a 0-8176-3421-5 | ||
| 035 | |l 10011297 | ||
| 040 | |a GR-MY-UA |b gre |e aacr | ||
| 041 | 0 | |a eng | |
| 082 | 0 | |a 574.50724 | |
| 100 | 1 | |a Jeffries, Clark. | |
| 245 | 1 | 0 | |a Mathematical modeling in ecology : |b a workbook for students / |c Jeffries Clark |
| 260 | |a Boston : |b Birkhauser, |c 1988 | ||
| 300 | |a 194 σ. | ||
| 490 | 1 | |a Mathematical modeling (Boston, Mass.) |v ; 3 | |
| 650 | 0 | 0 | |a Ecology |x Mathematical models. |
| 830 | 0 | |a Mathematical modeling (Boston, Mass.) |v ; 3 | |
| 852 | |a INST |b LESVOS |e 19950330 |h 574.50724 JEF |p 005100005758 |q 005100005758 |t BK |y 0 | ||
| 909 | |a Λ |b 019791 | ||